|
|
|
|
| LEADER |
00000nam a22000007a 4500 |
| 005 |
2022071803183.0 |
| 007 |
cr|||| |||| |
| 008 |
220718s2021 br |||||s|||| 00||0 por d |
| 020 |
|
|
|a 978658935141-2
|
| 035 |
|
|
|a 36722
|
| 040 |
|
|
|a vLex
|
| 090 |
|
|
|c 13573
|d 13573
|
| 100 |
1 |
|
|a Monebhurrun, Nitish
|
| 245 |
1 |
1 |
|a A reinvenȯ̂ do ensino jurd̕ico
|h [Recurso electrn̤ico] :
|b mťodos para a qualidade das aulas remotas /
|c Nitish Monebhurrun
|
| 256 |
|
|
|a Servicio en ln̕ea
|
| 260 |
|
|
|a Rio de Janeiro:
|b Editora Processo,
|c 2021
|
| 300 |
|
|
|a 1 recurso electrn̤ico
|
| 500 |
|
|
|a Dentre as mais diversas comoė̳s que o SARS-CoV-2 (COVID-19) causou, estô as perturbaė̳s sofridas pelo mundo do ensino. O confinamento demandou uma reaȯ̂ proativa da parte das instituiė̳s de ensino superior. O corpo docente teve que se adaptar num lapso de tempo curts̕simo com o desafio de ministrar as suas aulas remotamente sem perder em qualidade e sem dominar necessariamente a ferramenta tecnolg̤ica para tanto. Foi preciso adequar os mťodos de ensino para aliar a tecnologia ̉formaȯ̂ de juristas capacitados e competentes. Essa ̌a indagaȯ̂ ̉qual o presente livro busca responder. Ele foi delimitado ao ḿbito do ensino jurd̕ico e foi organizado com a participaȯ̂ de Professores de diferentes r̀eas do Direito. Cada Professor sistematizou a sua experin̊cia na conduȯ̂ das aulas remotas com o intuito de valorizar aqueles mťodos de ensino que trouxeram resultados positivos. O livro sintetiza esses mťodos de maneira a contribuir ao ensino jurd̕ico remoto de qualidade. O livro est ̀dividido em quatro grandes partes. A primeira parte aborda a didt̀ica do ensino jurd̕ico remoto. O seu objetivo ̌apresentar os aspectos pedagg̤icos relevantes quando se trata do ensino remoto. A segunda parte apresenta alguns dos instrumentos do ensino jurd̕ico remoto. A terceira parte mostra a experin̊cia local na aplicaȯ̂ dos mťodos de ensino jurd̕ico remoto conquanto a quarta parte focaliza-se na experin̊cia com o Direito Internacional. Finalmente, a quinta parte ̌uma amostra da experin̊cia comparada do ensino jurd̕ico remoto, contando com as contribuiė̳s de Professores da Argentina, da Inglaterra, do Kuwait e da Índia.
|
| 506 |
1 |
|
|a Disponible solo en los productos indicados
|d vLex Global
|d vLex Global (Academic Edition, excluding Law Schools)
|d vLex Global (U.S. Academic Edition, Law Schools)
|d vLex Global (U.S. Academic Edition, excluding Law Schools)
|d vLex Global (Academic Edition, Law Schools)
|
| 650 |
0 |
4 |
|a Educacin̤
|z Brasil
|
| 740 |
0 |
|
|a vLex Libros (Servicio en ln̕ea)
|
| 856 |
4 |
0 |
|u https://app.vlex.com/#/sources/36722
|z Acceso restringido
|
| 942 |
|
|
|c BOOK
|
| 999 |
0 |
|
|a Education
|